00589nam a2200169Ia 4500082001200000100002100012245005900033260004100092300000800133504002600141650006900167650004800236650005600284650002500340650004000365710001400405 aTS.0943 aSaikia, Bedabrat 0aStudy of technological change in Arunachal agriculture c2004bArunachal University, Itanagar a154 aIncludes bibliography aTechnological innovationsvArunachal PradeshvTechnology transfe aAgricultural innovationsvArunachal Pradesh aAgriculturevTechnology transfervArunachal Pradesh aTechnological change aTechnological change in agriculture aRoy, N.C.